000 04654nam a2200277 i 4500
001 000046342
003 DO-SdBNP
005 20250219074027.0
007 ta
008 150731s2014 dr 000 0 spa d
020 _a9789945583748
040 _aDO-SdBNP
_bspa
_cBNPHU
_erda
082 4 _222
245 0 0 _aUn instante de certidumbre :
_bla obra narrativa de Manuel Salvador Gautier /
_ceditor, Isael Pérez
264 4 _aSanto Domingo :
_bEditora Santuario,
_c2014.
300 _a436 páginas ;
_c23 cm.
336 _atexto
_btxt
_2rdacontent
337 _asin mediación
_bn
_2rdamedia
338 _avolumen
_bnc
_2rdacarrier
500 _aIncluye datos biográficos del autor en la solapa de la cubierta.
505 0 _aLa narrativa de Manuel Salvador Gautier /
_rIsael Pérez --
_tFundamentos de la novelística de Manuel Salvador Gautier /
_rBruno Rosario Candelier --
_tUn vistazo a la obra de Manuel Salvador Gautier /
_rJosé Acosta --
_tTiempo para héoes. Introducción --
_tJosé Alcántara Almánzar: Palabras en la puesta en circulación de Tiempo para héroes /
_tEduard Tejada: Preocupaciones sociopoliticas reflejadas en la obra Tiempo para héroes /
_rSélvido Candelaria: Tiempo para héroes o la biografía clandestina de Manuel Salvador Gautier /
_tToda la vida. Introducción /
_rRené Rodríguez S.
_t¿La historia novelada de unos cuantos? /
_rHéctor Miolán --
_tCalidad literaria : Toda la vida de Manuel Salvador Gautier (consideraciones preliminares) /
_rSerenata. Introducción /
_tBruno Rosario Candelier: Historia y ficción en Serenata /
_rMaría Del Carmen Prosdocimi: Serenata de Gautier reconstruye interioridad más profunda /
_tDesde la persiana /
_rChiqui Vicioso --
_tLa erotización de la historia en Serenata /
_rAlanna Lockward --
_tLas fabulaciones melódicas de M. S. Gautier /
_rFernando Cabrera --
_tLa hermosa Serenata de Manuel Salvador Gautier /
_rManuel García Verdecia--
_tBalance de tres. Introducción /
_tPresentación de la novela Balance de tres /
_rPura Emeterio --
_tHistoria, mito y condensación en la novela Balance de tres de Manuel Salvador Gautier /
_rOmar Messon --
_tBalance de dos : Teonil y Nilo. : Una minilectura de Balance de tres (el gavillero y los otros), de Manuel Salvador Gautier /
_rKianny Antigua --
_tBalance aproximado /
_rJesús Cordero --
_tUnas cuantas palabras en cuanto a la novela Balance de tres de Manuel Salvador Gautier /
_rFraniel Genao --
_tManuel Salvador Sautier y la rebelión mítica /
_rRicardo Iribarren --
_tHistorias para un buen día. Introducción /
_rManuel Salvador Gautier --
_tAlgo sucede en estas historias /
_tEl asesino de las lluvias. Introducción /
_rBruno Rosario Candelier --
505 0 _aLa pasión narrativa de Manuel Salvador Gautier realidad y ficción en El asesino de las lluvias /
_rFernando Cabrera --
_tTras un asesinato múltiple, evidencias de nuestras poéticas /
_rMiguel Collado --
_tNotas de una lectura de El asesino de las lluvias /
_rRomina Bayo --
_tEl asesino de las lluvias /
_rFari Rosario --
_tLa descensión poética y la visión del hueco metafísico en la novela El asesino de las lluvias /
_rJosé Mármol --
_tFundamentos poéticos de una novela : El asesino de las lluvias /
_tUn árbol para esconder mariposas. Introducción /
_tTres entregas : la novena del novelista /café con leche /no fue tiempo perdido /
_rJuan Jose Ayuso --
_tUn árbol que engendra mariposas /
_rRubén Sánchez Féliz --
_tUn árbol para esconder mariposas /
_rCarlos Fernández Rocha --
_tGautier visto por Gautier. Introducción /
_tPresentación de Gautier visto por Gautier /
_rLuis R. Santos --
_tDimensionado a dios. Introducción /
_tAproximación a la novela Dimensionando a dios de Manuel Salvador Gautier /
_rEduardo Lantigua --
_tPalabras sobre Dimensionado a dios /
_rRafael Peralta Romero --
_tLa fascinación de la rosa. Introduccion /
_rPresentación de la novela La fascinación de la rosa de Manuel Salvador Gautier /
_rFari Rosario --
_tLos personajes femeninos en La fascinación de la rosa /
_rMelania Emeterio Rondón ;
_tDimensión intuitiva en la novela La fascinación de la rosa de Manuel Salvador Gautier /
_rRoxana Amaro --
_tTres cosas te ofrezco. Introducción /
_tManuel Salvador Gautier ; Comentario sobre la novela Tres cosas te ofrezco de Manuel Salvador Gautier /
_rSélvido Candelaria --
_tEl misterio de la corbata verde. Introducción /
_tPresentación de la novela El misterio de la corbata verde de Manuel Salvador Gautier /
_rFari Rosario --
_tFina seda de Italia /
_rRené Rodríguez Soriano --
_tLa mala maña. Introducción /
_rManuel Salvador Gautier.
590 _aInventariado, 2023/BT
700 1 _aPérez, Isael,
_d1961-
_eeditor
_4ed.
_91414
942 _2ddc
_cLBS1
999 _c45831
_d45831